El dibujo de los niños

محفوظ في:
التفاصيل البيبلوغرافية
المؤلف الرئيسي: Mura, Antonio (autor)
التنسيق: كتاب
اللغة:الإسبانية
منشور في: Buenos Aires EUDEBA 1977
الطبعة:3a. ed
سلاسل:Temas La escuela en el tiempo
الموضوعات:
الوسوم: إضافة وسم
لا توجد وسوم, كن أول من يضع وسما على هذه التسجيلة!

MARC

LEADER 00000cam a2200000 a 4500
001 UCW5461
003 CL-VaPUC
008 910423e19770000AG |||||||||||||||||spa|d
082 0 4 |a 372.52  |b MUR  |2 21 
100 |a Mura, Antonio  |e autor  |9 310460 
245 1 3 |a El dibujo de los niños 
250 |a 3a. ed 
300 |a 175 p 
942 |c BK 
945 |d 19910423 00:00:00 
260 |a Buenos Aires  |b EUDEBA  |c 1977 
650 0 |a Arte infantil   |9 265265 
650 0 |a Dibujo   |9 260181 
650 0 |a Psicología aplicada   |9 270762 
583 |a last modification  |c 20140714 08:48:50  |k Rodrigo Vera 
490 0 |a Temas La escuela en el tiempo 
999 |c 218900  |d 218898 
952 |0 0  |1 0  |4 0  |6 372_520000000000000_MUR_1977  |7 0  |8 P  |9 209213  |a BIBEDU  |b BIBEDU  |c BIBEDU_PB  |d 2019-11-15  |i 2769956  |o 372.52 MUR 1977  |p 2769956  |r 2024-01-25  |w 2019-11-15  |y BK  |k EDU 
952 |0 0  |1 0  |4 0  |6 372_520000000000000_MUR_1977  |7 0  |8 P  |9 209214  |a BIBEDU  |b BIBEDU  |c BIBEDU_PB  |d 2019-11-15  |i 1560409  |o 372.52 MUR 1977  |p 1560409  |r 2024-01-25  |w 2019-11-15  |y BK  |k EDU 
952 |0 0  |1 0  |3 erb  |4 0  |6 372_520000000000000_MUR_1977  |7 0  |8 A  |9 209215  |a BIBART  |b BIBART  |i 5048427  |o 372.52 MUR 1977  |p 5048427  |r 2025-03-13  |w 2019-11-15  |y BK  |z Catalogado en:20140717  |k ART